América en Rubén Darío: aproximación al concepto de la literatura hispanoamericana
Guardat en:
| Autor principal: | |
|---|---|
| Format: | Llibre |
| Idioma: | espanyol |
| Publicat: |
Madrid
Gredos
1972
|
| Col·lecció: | Biblioteca Románica Hispánica, 2. Estudios y Ensayos
|
| Matèries: | |
| Etiquetes: |
Afegir etiqueta
Sense etiquetes, Sigues el primer a etiquetar aquest registre!
|
MARC
| LEADER | 00000nam a2200000 a 4500 | ||
|---|---|---|---|
| 001 | UCN3331 | ||
| 003 | CL-VaPUC | ||
| 008 | 010622e19720000SP |||||||||||||||||spa|d | ||
| 082 | 0 | 4 | |a Ni860.9 |b MAR |2 21 |
| 100 | |a Martín Fajardo, Carlos |e autor |9 459852 | ||
| 245 | 1 | 0 | |a América en Rubén Darío: aproximación al concepto de la literatura hispanoamericana |
| 300 | |a 276 p | ||
| 942 | |c BK | ||
| 945 | |d 20010622 00:00:00 |a cmena | ||
| 260 | |a Madrid |b Gredos |c 1972 | ||
| 600 | 0 | 7 | |a DARIO, RUBEN |2 CL-VaPUC |9 268402 |
| 650 | 7 | |a LITERATURA NICARAGUENSE - CRITICA E INTERPRETACION |2 CL-VaPUC |9 459853 | |
| 583 | |a last modification |c 20010622 00:00:00 |k Rodrigo Vera | ||
| 490 | 0 | |a Biblioteca Románica Hispánica, 2. Estudios y Ensayos | |
| 999 | |c 296250 |d 296248 | ||
| 952 | |0 0 |1 0 |4 0 |6 NI_860_900000000000000_MAR_1972 |7 0 |8 A |9 349888 |a BIBEDU |b BIBEDU |d 2019-11-20 |i 3711145 |o Ni860.9 MAR 1972 |p 3711145 |r 2019-11-20 |w 2019-11-20 |y BK |k LIT | ||